|
|
|
|
| LEADER |
00000caa a2200000 c 4500 |
| 001 |
1400938546 |
| 003 |
DE-627 |
| 005 |
20240609210136.0 |
| 007 |
tu |
| 008 |
101005s2010 xx ||||| 00| ||ger c |
| 020 |
|
|
|a 9783866761278
|
| 035 |
|
|
|a (DE-627)1400938546
|
| 035 |
|
|
|a (DE-576)330938541
|
| 035 |
|
|
|a (DE-599)BSZ330938541
|
| 040 |
|
|
|a DE-627
|b ger
|c DE-627
|e rakwb
|
| 041 |
|
|
|a ger
|
| 100 |
1 |
|
|a Köhler, Denis
|d 1973-
|0 (DE-588)129597899
|0 (DE-627)504634046
|0 (DE-576)297741217
|4 aut
|
| 109 |
|
|
|a Köhler, Denis 1973-
|a Köhler, D. 1973-
|
| 245 |
1 |
0 |
|a Rückfälligkeit von Jugendlichen und Heranwachsenden mit schwerwiegenden Sexual- und Gewaltstraftaten
|b Welchen Einfluss haben Risiko- und Schutzfaktoren auf die Rückfälligkeit?
|c Denis Köhler und Ina Rotermann
|
| 264 |
|
1 |
|c 2010
|
| 336 |
|
|
|a Text
|b txt
|2 rdacontent
|
| 337 |
|
|
|a ohne Hilfsmittel zu benutzen
|b n
|2 rdamedia
|
| 338 |
|
|
|a Band
|b nc
|2 rdacarrier
|
| 700 |
1 |
|
|a Rotermann, Ina
|d 1982-
|0 (DE-588)138707014
|0 (DE-627)605262578
|0 (DE-576)308842472
|4 aut
|
| 773 |
0 |
8 |
|i In
|t Neue Entwicklungen der forensischen Diagnostik in Psychologie, Psychiatrie und Sozialer Arbeit
|d Frankfurt am Main : Verl. für Polizeiwissenschaft, 2010
|g (2010), Seite 15-36
|h 361 S.
|w (DE-627)1399577816
|w (DE-576)329577816
|z 9783866761278
|7 nnam
|
| 773 |
1 |
8 |
|g year:2010
|g pages:15-36
|
| 889 |
|
|
|w (DE-627)66396489X
|
| 935 |
|
|
|i mdedup
|
| 951 |
|
|
|a AR
|
| ELC |
|
|
|b 1
|
| LOK |
|
|
|0 000 xxxxxcx a22 zn 4500
|
| LOK |
|
|
|0 001 2649998822
|
| LOK |
|
|
|0 003 DE-627
|
| LOK |
|
|
|0 004 1400938546
|
| LOK |
|
|
|0 005 20260212113825
|
| LOK |
|
|
|0 008 101005||||||||||||||||ger|||||||
|
| LOK |
|
|
|0 040
|a DE-21-110
|c DE-627
|d DE-21-110
|
| LOK |
|
|
|0 689
|a s
|a Sexualdelikte
|
| LOK |
|
|
|0 689
|a s
|a Gewaltdelikte
|
| LOK |
|
|
|0 689
|a s
|a Rückfälligkeit
|
| LOK |
|
|
|0 689
|a s
|a Jugendliche
|
| LOK |
|
|
|0 689
|a s
|a Heranwachsende
|
| LOK |
|
|
|0 852
|a DE-21-110
|
| LOK |
|
|
|0 852 1
|m p
|9 00
|
| LOK |
|
|
|0 935
|a tre0
|
| LOK |
|
|
|0 938
|a 1010
|
| LOK |
|
|
|0 938
|k p
|
| LOK |
|
|
|0 939
|a 05-10-10
|b l01
|
| ORI |
|
|
|a WA-MARC-krimdoka001.raw
|